| 000 | 00858nam a2200229 a 4500 | ||
|---|---|---|---|
| 001 | 000008355 | ||
| 005 | 20250430121825.0 | ||
| 008 | 090916s2000 dr a 000 0 spa d | ||
| 040 |
_aDO-SdBNP _bspa _cBNPHU |
||
| 082 |
_a658.3 _bA485a, 2000 |
||
| 100 | 1 |
_aAmaro Guzmán, Raymundo _9656 |
|
| 245 | 1 | 0 |
_aAdministración de personal / _cRaymundo Amaro Guzmán ; prólogo Luis Scheker Ortíz ; presentación Juan Tomás Mejía Feliú. |
| 250 | _a3a. ed. | ||
| 260 |
_aSanto Domingo : _bPunto Mágico, _c2000. |
||
| 300 |
_a351 p. : _bil ; _c22 cm. |
||
| 500 | _aIncluye referencias bibliográficas y notas al pie de las páginas | ||
| 590 | _aInventariado, 2018/ YL | ||
| 650 | 0 |
_aAdministración de personal _91581 |
|
| 700 | 1 | 2 |
_aSchecker Ortiz, Luis _epról. _922554 |
| 700 | 1 | 2 |
_aMejía Feliú, Luis Scheker _922555 |
| 910 | _aValido. Control de calidad MFF | ||
| 999 |
_c8126 _d8126 |
||